MDQL
is popping MORE tags! Check the
thread
!
Quizzes
Events
Quiz Creation
Community
Videos
Private Events
Remove Ads
Sign In
Join for FREE
Feedback
Dark Mode
Quiz Categories
Sports
Geography
Music
Movies
Television
Just For Fun
Miscellaneous
History
Literature
Language
Science
Gaming
Entertainment
Religion
Holiday
For Kids
Quiz Lab
Recent
Popular Today
Quiz Kudos Today
Editor Picks
Curator Picks
Quizzes by...
Day
Popularity
Type
Ratings
Length
Year
Community
Subscriptions
Recent Discussions
Orange Saloon
Badges
Playlists
Quests
Create
Leaderboards
Showdown
Live 5
Trivia Bingo
Activity
Puzzle Library
Sporcle Events
Private Events
Virtual Trivia
Globe League
Become a Host
Pub Owners
SporcleCon
Opinionation
Our Games
Videos
Blog
Mobile Apps
Partnerships
Remove Ads and Go Orange
Feedback
Sports
Athletes
MLB
NBA
NHL
NFL
Soccer
Sports Teams
WWE
NCAA
Football
Premier League
Basketball
Baseball
Hockey
Golf
Tennis
Cricket
Rugby
Auto Racing
Olympics
World Cup
Sports
Athletes
MLB
NBA
NHL
NFL
Soccer
Sports Teams
WWE
NCAA
Football
Premier League
Basketball
Baseball
Hockey
Golf
Tennis
Cricket
Rugby
Auto Racing
Olympics
World Cup
Random Quiz
Search Sporcle
×
Quiz Lab
Quiz Lab
Sports
Canada
Type in answers that appear in a list
Type in answers that appear in a list
Classic
Best Score? Go Orange.
Montreal Canadien draftee still in NHL Stats
Can you name the Montreal Canadien draftee still in NHL?
By
ypg24
8m
27 Questions
563 Plays
563 Plays
563 Plays
Comments
Comments
Give Quiz Kudos
Give Quiz Kudos
-
- Ratings
hide this ad
Replay
Link that replays current quiz
Next Quiz
Link to next quiz in quiz playlist
You Got
0%
They Got
Avg Score
61%
Avg Friend Score
Upgrade to see
Score Distribution
Jump to the score distribution portion of the page
Score
0/27
Timer
08:00
0
Plays Today
Team
% Correct
Montreal Canadiens
Carey Price
87.2%
Montreal Canadiens
P.K. Subban
85.6%
Montreal Canadiens
Brendan Gallagher
82%
Montreal Canadiens
Andrei Markov
80.5%
Montreal Canadiens
Tomas Plekanec
79.9%
Montreal Canadiens
Alex Galchenyuk
77.7%
Montreal Canadiens
Max Pacioretty
76.7%
New York Islanders
Jaroslav Halak
73%
Vancouver Canucks
Christopher Higgins
70.7%
Nashville Predators
Mike Ribeiro
66.1%
St-
Louis Blues
Maxim Lapierre
65.7%
Montreal Canadiens
Jarred Tinordi
60.7%
Montreal Canadiens
Nathan Beaulieu
59.7%
Philadelphia Flyers
Mark Streit
57.4%
Team
% Correct
New York Islanders
Mikhail Grabovski
55.8%
New York Rangers
Ryan McDonagh
53.1%
Montreal Canadiens
Alexei Emelin
51.1%
Anaheim Ducks
Francois Beauchemin
50.8%
New Jersey Devils
Michael Ryder
50.2%
Vancouver Canucks
Yannick Weber
49.4%
Arizona Coyotes
Kyle Chipchura
45.6%
Anaheim Ducks
Louis Leblanc
40.1%
Philadelphia Flyers
Ryan White
36.6%
Toronto Maple Leafs
Stephane Robidas
35.1%
Caroline Hurricanes
Ron Hainsey
32.4%
Montreal Canadiens
Sven Andrighetto
17.9%
Montreal Canadiens
Gabriel Dumont
17.4%
Quiz Playlist
Details
Report
Send in Message
Add To Playlist
Classic:
Type in answers that appear in a list
Last Updated: Feb 16, 2017
Quiz Scoreboard
CHALLENGE
Sign Up to Join the Scoreboard
Show All
Scores
Hide
Comments
May contain spoilers
Recently Published
Image Sorting: Flags VI
by Barbecue
Geography
2m
Find the 'City' Movie
by crazypaving
Movies
60s
Colored Red Africa Blitz
by spor1
Geography
45s
More to Explore
Quiz From the Vault
Featured Blog Post
14 Easter Pick-up Lines to Find Eggs With
hide this ad
You Might Also Like...
Tags
Canada Quiz
NHL Quiz
Draft
montreal
Today's Top Quizzes in Sports
Browse Sports
hide this ad
Today's Top Quizzes in Canada
Browse Canada
Top Contributed Quizzes in Sports
1
Les meilleurs buteurs des matchs entre le PSG et l’OM
2
Les entraîneurs de l'OM et du PSG au 21e siècle
3
2022 World Cup Stars
4
Les joueurs passés par le PSG et l'OM
5
Players with Multiple 50 Home Run Seasons
6
Criteria MLB: Left Handed Sluggers
7
FIFA Club World Cup Champions
8
Les joueurs passés par le LOSC et le RC Lens
9
NBA Logic Puzzle 2.0
10
Top 10 NHL Goal Scorers of All Time
Explore More
Trending Topics
Crossword
Disney
Marvel
Harry Potter
Anime
NBA
Kpop
Song
The Office
Puzzle
NFL
Country
Soccer
WWE
Pokémon
hide this ad
More By:
ypg24
Quiz
Plays
Rating
Category
Featured
Created
Montreal Canadien draftee still in NHL
563
5.00
Sports
Dec 14, 2010
2001 NHL Draft, 1st Round
169
3.00
Sports
Dec 23, 2010
2002 NHL Draft, First Round
169
Sports
Dec 23, 2010
Go to Creator's Profile
Score Distribution
Quiz Creator Spotlight
ypg24
Follow
Send a Message
Quizzes Created
-
Created Quiz Play Count
-
More By This Creator
Popular Quizzes Today
1
Colored Red Africa Blitz
2
Find the US States - No Outlines Minefield
3
Find the 'City' Movie
4
5x2 Blitz: Bands
5
The Countries of the World
6
Find the US States
7
Find the Countries of Europe - No Outlines Minefield
8
US States
More Sports Quizzes
Kobe Bryant's Teammates
Curator's Pick
Trending Quizzes
Colored Red Europe Blitz I
Colored Red Africa Blitz II
Colored Red Europe Blitz II
Colored Red Africa Blitz III
Colored Red Europe Blitz III
Recently Updated
How Do You Spell That?
pecheneg
Godzilla Movies
pecheneg
Grab Bag: 4-10 Letters
pecheneg
2024 March Madness Bracket
pecheneg
Famous TV Couples
Peacemaker
Champions League XIs: Real Madrid
pecheneg
Largest US Cities 1790-2010
pecheneg
Rides in Walt Disney World
pecheneg
Most Oscar Losses (Acting)
pecheneg
Beyoncé Albums
pecheneg
Trending Topics
Anime
Marvel
Disney
Harry Potter
Crossword
NBA
Kpop
NFL
Soccer
Puzzle
Song
Pokémon
The Office
Country
WWE
Your Account Isn't Verified!
In order to create a playlist on Sporcle, you need to verify the email address you used during registration. Go to your
Sporcle Settings
to finish the process.
Report this User
Report this user for behavior that violates our
Community Guidelines
.
Details:
Send Report
Go to the Sporcle.com Mobile Site →
Comments